Six COMESA Projects picked for financing, at Dakar Summit (Record no. 1395)
[ view plain ]
| 000 -LEADER | |
|---|---|
| fixed length control field | 00697nam a22002657a 4500 |
| 005 - DATE AND TIME OF LATEST TRANSACTION | |
| control field | 20240711131842.0 |
| 008 - FIXED-LENGTH DATA ELEMENTS--GENERAL INFORMATION | |
| fixed length control field | 240711b |||||||| |||| 00| 0 eng d |
| 040 ## - CATALOGING SOURCE | |
| Original cataloging agency | KMU |
| Transcribing agency | KMU |
| Modifying agency | KMU |
| Description conventions | rda |
| 110 ## - MAIN ENTRY--CORPORATE NAME | |
| Corporate name or jurisdiction name as entry element | COMESA |
| 245 ## - TITLE STATEMENT | |
| Title | Six COMESA Projects picked for financing, at Dakar Summit |
| Remainder of title | / |
| Statement of responsibility, etc. | COMESA |
| 260 ## - PUBLICATION, DISTRIBUTION, ETC. | |
| Place of publication, distribution, etc. | Lusaka: |
| Name of publisher, distributor, etc. | COMESA, |
| Date of publication, distribution, etc. | 2014. |
| 300 ## - PHYSICAL DESCRIPTION | |
| Extent | 44 P.: |
| Other physical details | ill.; |
| Dimensions | 26cm |
| 490 ## - SERIES STATEMENT | |
| Series statement | COMESA News |
| Volume/sequential designation | Volume 2 |
| 650 ## - SUBJECT ADDED ENTRY--TOPICAL TERM | |
| Topical term or geographic name entry element | COMESA |
| 650 ## - SUBJECT ADDED ENTRY--TOPICAL TERM | |
| Topical term or geographic name entry element | Projects |
| 650 ## - SUBJECT ADDED ENTRY--TOPICAL TERM | |
| Topical term or geographic name entry element | Financing |
| 650 ## - SUBJECT ADDED ENTRY--TOPICAL TERM | |
| Topical term or geographic name entry element | Dakar Summit |
| 700 ## - ADDED ENTRY--PERSONAL NAME | |
| Personal name | Daniel Banda |
| 700 ## - ADDED ENTRY--PERSONAL NAME | |
| Personal name | Mugunga Ann |
| 700 ## - ADDED ENTRY--PERSONAL NAME | |
| Personal name | Gakunga Mwangi |
| 700 ## - ADDED ENTRY--PERSONAL NAME | |
| Personal name | Nampito Muzinge |
| 700 ## - ADDED ENTRY--PERSONAL NAME | |
| Personal name | Moonga Cephas |
| 700 ## - ADDED ENTRY--PERSONAL NAME | |
| Personal name | Karake Mweusi |
| 942 ## - ADDED ENTRY ELEMENTS (KOHA) | |
| Koha item type | Serials |
| Suppress in OPAC | No |
| Withdrawn status | Lost status | Damaged status | Not for loan | Collection | Home library | Current library | Shelving location | Date acquired | Source of acquisition | Total Checkouts | Full call number | Barcode | Date last seen | Price effective from | Koha item type |
|---|---|---|---|---|---|---|---|---|---|---|---|---|---|---|---|
| Non-fiction | Kapasa Makasa University | Kapasa Makasa University | Special Collection | 11.07.2024 | CBU | COMESA(05)CN/2014/2D | B3523 | 11.07.2024 | 11.07.2024 | Serials |